<?xml version='1.0' encoding='UTF-8'?>
  <record xmlns="http://www.loc.gov/MARC21/slim">
    <leader>00000cam a2200000 i 4500</leader>
    <controlfield tag="001">ocm82839548</controlfield>
    <controlfield tag="003">OCoLC</controlfield>
    <controlfield tag="005">20250503105542.7</controlfield>
    <controlfield tag="008">840430s1512    fr            001 0 latxd</controlfield>
    <datafield tag="010" ind1=" " ind2=" ">
      <subfield code="a">   47044045 </subfield>
    </datafield>
    <datafield tag="040" ind1=" " ind2=" ">
      <subfield code="a">JPG</subfield>
      <subfield code="b">eng</subfield>
      <subfield code="c">JPG</subfield>
      <subfield code="d">OCLCG</subfield>
      <subfield code="d">LGG</subfield>
      <subfield code="d">OCLCA</subfield>
      <subfield code="d">OCLCF</subfield>
      <subfield code="d">OCLCO</subfield>
      <subfield code="d">WTU</subfield>
      <subfield code="d">OCL</subfield>
      <subfield code="d">OCLCQ</subfield>
      <subfield code="d">QGJ</subfield>
      <subfield code="d">PUL</subfield>
      <subfield code="d">DLC</subfield>
      <subfield code="d">BP1</subfield>
      <subfield code="d">OCLCO</subfield>
      <subfield code="d">OSU</subfield>
      <subfield code="d">OCLCO</subfield>
      <subfield code="d">OCLCL</subfield>
      <subfield code="d">OCLCQ</subfield>
    </datafield>
    <datafield tag="024" ind1="8" ind2=" ">
      <subfield code="a">dcl:x2h</subfield>
    </datafield>
    <datafield tag="035" ind1=" " ind2=" ">
      <subfield code="a">(OCoLC)82839548</subfield>
    </datafield>
    <datafield tag="050" ind1="0" ind2="4">
      <subfield code="a">NA2515</subfield>
      <subfield code="b">.A335 1512 (Rosenwald Coll.)</subfield>
    </datafield>
    <datafield tag="082" ind1="1" ind2="4">
      <subfield code="a">720.1 A33da</subfield>
    </datafield>
    <datafield tag="100" ind1="1" ind2=" ">
      <subfield code="a">Alberti, Leon Battista,</subfield>
      <subfield code="d">1404-1472,</subfield>
      <subfield code="e">author.</subfield>
    </datafield>
    <datafield tag="240" ind1="1" ind2="0">
      <subfield code="a">De re aedificatoria</subfield>
    </datafield>
    <datafield tag="245" ind1="1" ind2="0">
      <subfield code="a">Libri De re ædificatoria dece[m] :</subfield>
      <subfield code="b">opus  integru[m] et absolutu[m], diligenterq[ue] recognitum : distinctum est aute[m]̃ nuper opus ipsum totum, quod antea peruia legebatur oratione, per capita, no[n]nullis e textu reb[us] insignibus depromtis et in margine annotatis : facta est etia[m] capitu[m]  ipsoru[m] no[n] inelegans tabula cu[m] dictionu[m] et ipsaru[m] rerum scitu dignarum que in margine sunt, indice admodum luculento /</subfield>
      <subfield code="c">Leonis Baptistae Alberti Flore[n]tini viri clarissimi.</subfield>
    </datafield>
    <datafield tag="246" ind1="3" ind2=" ">
      <subfield code="a">Libri De re ædificatoria decem</subfield>
    </datafield>
    <datafield tag="246" ind1="3" ind2=" ">
      <subfield code="a">De re ædificatoria</subfield>
    </datafield>
    <datafield tag="246" ind1="1" ind2=" ">
      <subfield code="i">At head of title:</subfield>
      <subfield code="a">Leonis Baptistae Alberti Florẽtini viri clarissimi</subfield>
    </datafield>
    <datafield tag="260" ind1=" " ind2=" ">
      <subfield code="a">Parrhisijs :</subfield>
      <subfield code="b">[Impressum opera magistri Bertholdi Rembolt &amp; Ludouici Hornken],</subfield>
      <subfield code="c">[M.D. XII, die vero XXIII Augusti [23 Aug. 1512]</subfield>
    </datafield>
    <datafield tag="300" ind1=" " ind2=" ">
      <subfield code="a">[xiv], clxxiiii leaves ;</subfield>
      <subfield code="c">21 cm (4to)</subfield>
    </datafield>
    <datafield tag="336" ind1=" " ind2=" ">
      <subfield code="a">text</subfield>
      <subfield code="b">txt</subfield>
      <subfield code="2">rdacontent</subfield>
    </datafield>
    <datafield tag="337" ind1=" " ind2=" ">
      <subfield code="a">unmediated</subfield>
      <subfield code="b">n</subfield>
      <subfield code="2">rdamedia</subfield>
    </datafield>
    <datafield tag="338" ind1=" " ind2=" ">
      <subfield code="a">volume</subfield>
      <subfield code="b">nc</subfield>
      <subfield code="2">rdacarrier</subfield>
    </datafield>
    <datafield tag="500" ind1=" " ind2=" ">
      <subfield code="a">Author's name at head of title.</subfield>
    </datafield>
    <datafield tag="500" ind1=" " ind2=" ">
      <subfield code="a">Printers' devices on t.p. and verso of last leaf.</subfield>
    </datafield>
    <datafield tag="500" ind1=" " ind2=" ">
      <subfield code="a">Printer's names and date of printing from colophon, leaf clxxiiii.</subfield>
    </datafield>
    <datafield tag="500" ind1=" " ind2=" ">
      <subfield code="a">Edited by Geoffroy Tory, with his pictorial woodcut initials. His name, "Godofred[us] Torin[us]", introduces the dedication, A2 recto.</subfield>
    </datafield>
    <datafield tag="500" ind1=" " ind2=" ">
      <subfield code="a">Signatures: A⁸, B⁶, a-x⁸, y⁶.</subfield>
    </datafield>
    <datafield tag="500" ind1=" " ind2=" ">
      <subfield code="a">Includes index.</subfield>
    </datafield>
    <datafield tag="510" ind1="4" ind2=" ">
      <subfield code="a">Adams</subfield>
      <subfield code="c">A 491</subfield>
    </datafield>
    <datafield tag="510" ind1="4" ind2=" ">
      <subfield code="a">Moreau,</subfield>
      <subfield code="c">2, 220</subfield>
    </datafield>
    <datafield tag="510" ind1="4" ind2=" ">
      <subfield code="a">Brunet,</subfield>
      <subfield code="c">I, column 130</subfield>
    </datafield>
    <datafield tag="510" ind1="4" ind2=" ">
      <subfield code="a">Fowler</subfield>
      <subfield code="c">4</subfield>
    </datafield>
    <datafield tag="510" ind1="4" ind2=" ">
      <subfield code="a">Mortimer, R. French 16th cent.,</subfield>
      <subfield code="c">11</subfield>
    </datafield>
    <datafield tag="510" ind1="4" ind2=" ">
      <subfield code="a">Index Aureliensis,</subfield>
      <subfield code="c">102362</subfield>
    </datafield>
    <datafield tag="510" ind1="4" ind2=" ">
      <subfield code="a">Cicognara,</subfield>
      <subfield code="c">371</subfield>
    </datafield>
    <datafield tag="650" ind1=" " ind2="0">
      <subfield code="a">Architecture</subfield>
      <subfield code="v">Early works to 1800.</subfield>
    </datafield>
    <datafield tag="650" ind1=" " ind2="6">
      <subfield code="a">Architecture</subfield>
      <subfield code="v">Ouvrages avant 1800.</subfield>
    </datafield>
    <datafield tag="650" ind1=" " ind2="7">
      <subfield code="a">Architecture</subfield>
      <subfield code="2">fast</subfield>
    </datafield>
    <datafield tag="655" ind1=" " ind2="7">
      <subfield code="a">Early works</subfield>
      <subfield code="2">fast</subfield>
    </datafield>
    <datafield tag="700" ind1="1" ind2=" ">
      <subfield code="a">Tory, Geoffroy,</subfield>
      <subfield code="d">approximately 1480-approximately 1533,</subfield>
      <subfield code="e">editor.</subfield>
      <subfield code="1">https://id.oclc.org/worldcat/entity/E39PBJfxdVyh7Q7HPmgwjRjV4q</subfield>
    </datafield>
    <datafield tag="700" ind1="1" ind2=" ">
      <subfield code="a">Rembolt, Berthold,</subfield>
      <subfield code="d">-1518,</subfield>
      <subfield code="e">printer.</subfield>
      <subfield code="4">prt</subfield>
      <subfield code="1">https://id.oclc.org/worldcat/entity/E39PBJgd7WdkvK3g6YvbB6TWDq</subfield>
    </datafield>
    <datafield tag="700" ind1="1" ind2=" ">
      <subfield code="a">Hornken, Ludwig,</subfield>
      <subfield code="d">active 1514-1519,</subfield>
      <subfield code="e">printer.</subfield>
      <subfield code="4">prt</subfield>
      <subfield code="1">https://id.oclc.org/worldcat/entity/E39PBJj4wdCqH3TW6m93BbMByd</subfield>
    </datafield>
    <datafield tag="700" ind1="1" ind2=" ">
      <subfield code="a">Poliziano, Angelo,</subfield>
      <subfield code="d">1454-1494,</subfield>
      <subfield code="e">author of introduction, etc.</subfield>
      <subfield code="1">https://id.oclc.org/worldcat/entity/E39PBJhxgjK9DHPwwTCd8FfjG3</subfield>
    </datafield>
    <datafield tag="752" ind1=" " ind2=" ">
      <subfield code="a">France</subfield>
      <subfield code="d">Paris.</subfield>
    </datafield>
    <datafield tag="776" ind1="0" ind2="8">
      <subfield code="i">Online version:</subfield>
      <subfield code="a">Alberti, Leon Battista, 1404-1472.</subfield>
      <subfield code="t">Libri De re ædificatoria decẽ.</subfield>
      <subfield code="d">Parrhisijs [Impressum opera magistri Bertholdi Rembolt &amp; Ludouici Hornken, M.D. XII, die vero XXIII Augusti [23 Aug. 1512]]</subfield>
      <subfield code="w">(OCoLC)889837111</subfield>
    </datafield>
    <datafield tag="856" ind1="4" ind2="1">
      <subfield code="d">rbc0001</subfield>
      <subfield code="f">2020rosen0951</subfield>
      <subfield code="u">https://hdl.loc.gov/loc.rbc/Rosenwald.0951</subfield>
    </datafield>
    <datafield tag="936" ind1=" " ind2=" ">
      <subfield code="a">BATCHLOAD</subfield>
    </datafield>
  </record>